Quizzes
Events
Quiz Creation
Community
Videos
Private Events
Remove Ads
Sign In
Join for FREE
Feedback
Dark Mode
Quiz Categories
Sports
Geography
Music
Movies
Television
Just For Fun
Miscellaneous
History
Literature
Language
Science
Gaming
Entertainment
Religion
Holiday
For Kids
Quiz Lab
Recent
Popular Today
Quiz Kudos Today
Editor Picks
Curator Picks
Quizzes by...
Day
Popularity
Type
Ratings
Length
Year
Community
Subscriptions
Recent Discussions
Orange Saloon
Badges
Playlists
Quests
Create
Leaderboards
Showdown
Live 5
Trivia Bingo
Activity
Puzzle Library
Sporcle Events
Private Events
Virtual Trivia
Globe League
Become a Host
Pub Owners
SporcleCon
Opinionation
Our Games
Videos
Blog
Mobile Apps
Partnerships
Remove Ads and Go Orange
Feedback
Sports
Athletes
MLB
NBA
NHL
NFL
Soccer
Sports Teams
WWE
NCAA
Football
Premier League
Basketball
Baseball
Hockey
Golf
Tennis
Cricket
Rugby
Auto Racing
Olympics
World Cup
Sports
Athletes
MLB
NBA
NHL
NFL
Soccer
Sports Teams
WWE
NCAA
Football
Premier League
Basketball
Baseball
Hockey
Golf
Tennis
Cricket
Rugby
Auto Racing
Olympics
World Cup
Random Quiz
Search Sporcle
×
Curator Pick
Curator Pick
Sports
NHL
Type in answers that appear in a list
Type in answers that appear in a list
Classic
Best Score? Go Orange.
Defensive Player of the Year (1983-) Stats
Can you name the NHL, NBA, and NFL Defensive Players of the Year (Last 30 Years)?
By
dabbas
9m
111 Questions
5,071 Plays
5,071 Plays
5,071 Plays
Comments
Comments
Give Quiz Kudos
Give Quiz Kudos
-
- Ratings
hide this ad
More Info
Replay
Link that replays current quiz
Next Quiz
Link to next quiz in quiz playlist
You Got
0%
They Got
Avg Score
41%
Avg Friend Score
Upgrade to see
Score Distribution
Jump to the score distribution portion of the page
Score
0/111
Timer
09:00
0
Plays Today
Year
Player
% Correct
2020
Giannis Antetokounmpo
85.8%
2019
Rudy Gobert
84.8%
2017
Draymond Green
84.7%
2011
Dwight Howard
84.5%
2010
Dwight Howard
84.5%
2009
Dwight Howard
84.5%
2016
Kawhi Leonard
82.6%
2015
Kawhi Leonard
81.6%
2018
Rudy Gobert
81.6%
2008
Kevin Garnett
79.5%
2006
Ben Wallace
79.1%
2005
Ben Wallace
79.1%
2003
Ben Wallace
79.1%
2002
Ben Wallace
79.1%
2003
Ray Lewis
77.4%
2000
Ray Lewis
77.4%
2012
J.J. Watt
75.7%
2014
Joakim Noah
73.5%
2013
Marc Gasol
72.8%
2014
J.J. Watt
72.2%
2015
J.J. Watt
71%
1994
Hakeem Olajuwon
69.7%
1993
Hakeem Olajuwon
69.7%
1988
Michael Jordan
69.1%
1992
David Robinson
68.4%
2012
Tyson Chandler
67%
2018
Aaron Donald
66.6%
2000
Alonzo Mourning
66.1%
1999
Alonzo Mourning
66.1%
2004
Ed Reed
65.4%
2001
Dikembe Mutombo
65.4%
1998
Dikembe Mutombo
65.4%
1997
Dikembe Mutombo
65.4%
1995
Dikembe Mutombo
65.4%
2006
Jason Taylor
63.4%
1986
Lawrence Taylor
63.4%
1991
Dennis Rodman
63.2%
Year
Player
% Correct
1990
Dennis Rodman
63.2%
2010
Troy Polamalu
62.8%
2017
Aaron Donald
62.3%
2005
Brian Urlacher
62.3%
1996
Gary Payton
61.8%
2011
Terrell Suggs
61.2%
2008
James Harrison
61.1%
2009
Charles Woodson
59.7%
1993
Rod Woodson
59.6%
1996
Bruce Smith
57.2%
1990
Bruce Smith
57.2%
2016
Khalil Mack
54.2%
2001
Michael Strahan
53.2%
2019
Stephon Gilmore
53.2%
1998
Reggie White
52.8%
1987
Reggie White
52.8%
2007
Bob Sanders
52.6%
1994
Deion Sanders
52.5%
2004
Ron Artest
51.4%
1999
Warren Sapp
50.9%
2013
Luke Kuechly
48.5%
2002
Derrick Brooks
48.1%
2007
Marcus Camby
45.3%
2011
Nicklas Lidstrom
39.8%
2008
Nicklas Lidstrom
39.8%
2007
Nicklas Lidstrom
39.8%
2006
Nicklas Lidstrom
39.8%
2003
Nicklas Lidstrom
39.8%
2002
Nicklas Lidstrom
39.8%
2001
Nicklas Lidstrom
39.8%
2009
Zdeno Chara
38.4%
1988
Mike Singletary
38.1%
1985
Mike Singletary
38.1%
1989
Mark Eaton
36.8%
1985
Mark Eaton
36.8%
2014
Duncan Keith
35.7%
2013
P.K. Subban
33.8%
Year
Player
% Correct
2010
Duncan Keith
32.6%
1994
Ray Bourque
31.7%
1991
Ray Bourque
31.7%
1990
Ray Bourque
31.7%
1988
Ray Bourque
31.7%
1987
Ray Bourque
31.7%
1987
Michael Cooper
31.6%
2000
Chris Pronger
30.6%
2015
Erik Karlsson
30.1%
1996
Chris Chelios
29.7%
1993
Chris Chelios
29.7%
1989
Chris Chelios
29.7%
1997
Brian Leetch
29.1%
1992
Brian Leetch
29.1%
2016
Drew Doughty
28.6%
1984
Sidney Moncrief
28.5%
1983
Sidney Moncrief
28.5%
2012
Erik Karlsson
27.7%
1995
Paul Coffey
26.4%
1986
Paul Coffey
26.4%
1985
Paul Coffey
26.4%
2017
Brent Burns
25.1%
2018
Victor Hedman
24.1%
1986
Alvin Robertson
24%
2004
Scott Niedermayer
22.5%
1999
Al MacInnis
21.7%
1998
Rob Blake
20.3%
2019
Mark Giordano
20.1%
1992
Cortez Kennedy
18.6%
1997
Dana Stubblefield
14.7%
1984
Rod Langway
11.7%
1983
Rod Langway
11.7%
1991
Pat Swilling
11.3%
1995
Bryce Paup
11.2%
1984
Kenny Easley
7%
1989
Keith Millard
5.9%
1983
Doug Betters
2.8%
Quiz Playlist
Details
Report
Send in Message
Add To Playlist
More Info:
NHL refers to the Norris Trophy winner.
Classic:
Type in answers that appear in a list
Last Updated: Feb 16, 2017
Curator Pick in
Football
Quiz Scoreboard
CHALLENGE
Sign Up to Join the Scoreboard
Show All
Scores
Hide
Comments
May contain spoilers
Recently Published
Popular People in 1961
by mucciniale
History
6m
1-10 Letter E Words III
by El_Dandy
Language
2m
One Thing in Common: World Cities II
by knightlancer
Geography
7m
More to Explore
Quiz From the Vault
Featured Blog Post
Where Did the Easter Bunny Come From?
hide this ad
You Might Also Like...
Tags
Basketball Quiz
Football Quiz
NBA Quiz
NFL Quiz
NHL Quiz
Sports Teams Quiz
Big 4
Defensive Player
Norris Trophy
Today's Top Quizzes in Sports
Browse Sports
hide this ad
Today's Top Quizzes in NHL
Browse NHL
Top Contributed Quizzes in Sports
1
2022 World Cup Stars
2
Les entraîneurs de l'OM et du PSG au 21e siècle
3
FIFA Club World Cup Champions
4
Criteria MLB: Left Handed Sluggers
5
Les meilleurs buteurs des matchs entre le PSG et l’OM
6
Name the Premier League winners with different clubs
7
Players with Multiple 50 Home Run Seasons
8
MLB Players with Two .350 Batting Average Seasons
9
La finale Lions - Afrique du Sud 2021
10
MLB Hall of Famer by Rings
Explore More
Trending Topics
Harry Potter
Disney
Kpop
NBA
Crossword
Anime
Marvel
Pokémon
Soccer
WWE
NFL
Country
The Office
Song
Puzzle
hide this ad
More By:
dabbas
Quiz
Plays
Rating
Category
Featured
Created
Los Angeles Lakers MVP Votes
88,846
4.72
Sports
Aug 19, 2016
NBA MVP Voting (2011-12)
80,500
4.22
Sports
May 12, 2012
NBA MVP Top-10 Teammates (Since 1970)
79,822
4.80
Sports
Feb 10, 2013
Boston Celtics MVP Votes
74,046
4.89
Sports
Aug 18, 2016
Chicago Bulls MVP Votes
65,759
4.77
Sports
Aug 14, 2016
Go to Creator's Profile
Score Distribution
Quiz Creator Spotlight
dabbas
Follow
Send a Message
Quizzes Created
-
Created Quiz Play Count
-
More By This Creator
Popular Quizzes Today
1
Find the US States - No Outlines Minefield
2
The Countries of the World
3
Popular People in 1961
4
Find the Countries of Europe - No Outlines Minefield
5
1-10 Letter E Words III
6
Find the US States
7
One Thing in Common: World Cities II
8
US States
More Sports Quizzes
FourFourTwos Top 100 Footballers Ever
Quiz Lab
Trending Quizzes
1-10 Letter F Words
One Thing in Common: Music
1-10 Letter G Words
Risky Map Clicking: Next State Alphabetically
1-10 Letter F Words II
Recently Updated
Leaping Animals
pecheneg
Reality TV Shows (A-Z)
bhenderson79
Rickey Henderson's Hall of Fame Teammates
pecheneg
Champions League XIs: Arsenal
pecheneg
Quick Pick: Celebrities in WWE's Hall of Fame
aduchscher
A-Z Keypad Blitz II
pecheneg
Multiple Oscar Actors
pecheneg
Mystery Phrase Blitz: Oscar 'Best Actors'
pecheneg
F. Scott Fitzgerald Novels
LTH
Pick 3 Villains
ddd62291
Trending Topics
Marvel
Crossword
NBA
Kpop
Harry Potter
Anime
Disney
Puzzle
NFL
Country
Pokémon
Soccer
WWE
Song
The Office
Your Account Isn't Verified!
In order to create a playlist on Sporcle, you need to verify the email address you used during registration. Go to your
Sporcle Settings
to finish the process.
Report this User
Report this user for behavior that violates our
Community Guidelines
.
Details:
Send Report
Go to the Sporcle.com Mobile Site →
Comments